000 00527 a2200193 4500
003 Nust
005 20170207154010.0
010 _a 99066351
020 _a1578701996
035 _a(DLC) 99066351
040 _cNust
082 0 0 _a005.4/4769
100 1 _aNebbett, Gary.
245 1 0 _aWindows NT/2000 native API reference (E-Book)
_cGary Nebbett.
260 _aIndianapolis, IN :
_bMacmillan Technical Pub.,
_c2000.
300 _axxx, 496 p. ;
_c23 cm.
500 _aIncludes index.
650 0 _aOperating systems (Computers)
651 _a(E-Book)
999 _c191148
_d191148